000 00345nam a2200157Ia 4500
003 OSt
005 20240127104905.0
008 170524s9999 xx 000 0 und d
020 _a9353067030
040 _cIIMT
100 _aROBBINS- SP.
245 0 _aOrganizational Behavior
260 _bNew Delhi : PHI
260 _c2008
942 _2ddc
_c02
999 _c6306
_d6306